000 00635nam a2200241Ia 4500
001 51618
005 20240114005233.0
007 ta
008 091030s1993 g b000 u 465 u
040 _aCotton College,Assam
041 _a465
082 _a547.2
_bCa 23 So
100 _a.Curruthers, W..
245 0 _aSome Modern Methods of Organic Synthesis /
_cW.Curruthers.
_hTextual Documents
250 _aIst ed /
260 _aNew Delhi :
_bFoudation Books ,
_c1993.
300 _a526p ;
_c23cm.
653 _aChemistry
653 _aP.G-Chemistry
942 _2ddc
_cBK
999 _c51583
_d51583